| 000 | 00721 a2200181 4500 | ||
|---|---|---|---|
| 003 | Nust | ||
| 005 | 20170207153217.0 | ||
| 040 | _cNust | ||
| 082 | _a621.382 | ||
| 100 | _aAbbasi, Ather Iftikhar (MSEE-7) | ||
| 245 |
_aEfficient boundary tracing algorithm for 2D planar objects _cAther Iftikhar Abbasi |
||
| 260 |
_bMCS,NUST _c2003 _aRawalpindi |
||
| 300 | _axii,126, p.; | ||
| 505 | _aIntroduction to Thesis (page-1) Digital image preprocessing (page-6) Boundary tracing for 2D character shapes (page-33) Feature extraction (page-49) Character recognition (page-67) Algorithm development and results (page-80) Thesis conclusion (page-92) | ||
| 538 | _aAlmirah No 69 Shelf No 1 | ||
| 650 | _aPG Thesis | ||
| 651 | _aMSEE-7 | ||
| 942 | _cTHS | ||
| 999 |
_c181646 _d181646 |
||